Fire Emblem Heroes Beast Cavalry Units - Statistics

General Stats
  • This quiz has been taken 81 times
    13 since last reset
  • The average score is 23 of 30
Answer Stats
Answer % Correct
Eikþyrnir
100%
Eikþyrnir (Summer)
100%
Eikþyrnir (Winter)
100%
Lethe
100%
Lethe (Halloween)
100%
Lethe (New Year)
100%
Lyre (New Year)
100%
Ranulf
100%
Ratatoskr
100%
Eitr
67%
Eitr (Spring)
67%
Freyja
67%
Freyja (Summer)
67%
Freyr
67%
Freyr (Summer)
67%
Kaden
67%
Kaden (New Year)
67%
Nerþuz
67%
Nerþuz (Halloween)
67%
Nerþuz (New Year)
67%
Nerþuz (Summer)
67%
Panne
67%
Panne (New Year)
67%
Ranulf (Halloween)
67%
Selkie
67%
Selkie (New Year)
67%
Yarne
67%
Yarne (Halloween)
67%
Yarne (New Year)
67%
Lyn (Mythic)
33%
No matching quizzes found
Score Distribution
Percent of People with Each Score
Percentile by Number Answered
Your Score History
You have not taken this quiz since the last reset